=LDR 00000nam 2200000 4500 =001 INLIS000000000016643 =005 20130612111917 =008 ***********************************Ind** =035 ##$$a0010-061300000016643 =041 ##$$a Ind =082 ##$$a 373.104 =090 ##$$a 373.104, Kur k =245 ##$$a Kurikulum berbasis kompetensi standar kompetensi sekolah menengah pertama (SMP) dan madrasah Tsanawiyah =260 ##$$a 2004 $b Jakarta =300 ##$$a viii, 420 hlm, 28 cm =650 ##$$a Kurikulum sains-sekolah Lanjutan pertama =850 ##$$a NBPNMAT =990 ##$$a 92599/BPAP-NTB/2014